Ludolph von Beckedorff-Grünhof in Pommern 1827-1842
| Titel: | Ludolph von Beckedorff-Grünhof in Pommern 1827-1842 : Ein Verfechter der landwirtschaftlichen Interessenvertretung und des Fortschritts in der gutsherrlichen Landwirtschaft |
|---|---|
| Verfasser: | |
| In: |
Pommern, (1996), Seite 319-339 alle Artikel anzeigen |
| Veröffentlicht: | 1996 |
| Format: | Aufsatz |
| Sprache: | Deutsch |
X
alg: 39144499 001A $01999:11-11-16 001B $01999:15-05-21 $t20:53:55.000 001D $01999:11-11-16 001U $0utf8 001X $00 002@ $0Aox 003@ $0391444999 007A $0391444999 $aHEB 007T $0Herd08706 010@ $ager 011@ $a1996 021A $aLudolph von Beckedorff-Grünhof in Pommern 1827-1842 $dEin Verfechter der landwirtschaftlichen Interessenvertretung und des Fortschritts in der gutsherrlichen Landwirtschaft 028A $aStępiński $dWłodzimierz 031A $h319-339 $j1996 039B $aIn $8--Aau--. Pommern. - Greifswald : Steinbecker Verl. Rose, 1996. - 468 S.. - Ill., Kt.. - ISBN 3-931483-08-8 $x199600000000000681 $9050939963 045F $a929.0943816 $eDDC23BSB 045F/01 $a929 045F/03 $g43816 lok: 39144499 78 exp: 39144499 78 1 #EPN 201B/01 $003-04-17 $t17:52:59.000 201U/01 $0utf8 203@/01 $0787539031 208@/01 $a11-11-16 $be 209A/01 $a/ $f000 $x00 220C/01 $aTitelaufnehmer: nk 244Z/01 $2Trx $#Pomeranija $#Pommern $#Pomoransko $#Pomořansko $#Hinterpommern;Vorpommern;Mittelpommern $#Pomorze Środkowe;Pomorze Przednie $#Pomořansko;Západní Pomořany; Pomořany $8--Trx--Pomorze Zachodnie $x01 $9391303775 244Z/01 $2Trx $#Grünhof Regenwalde $8--Trx--Święciechowo$gŁobez $x02 $9391149296 244Z/01 $aGeschichte 1778-1858 $x03 244Z/01 $2Trx $#Beckedorff, Georg Philipp Ludolph $8--Trx--Beckedorff-Grünhof, Ludolph von$Z1778-1858 $x04 $9390693200 244Z/01 $2Trx $#aadel Pommeri $#Vakarų Pomeranijos bajorai $#gentry Pommerania $#nemesség Pomeránia $#szlachta Pomorze Zachodnie $#šľachta Pomoransko $#šlechta Pomořany $8--Trx--Adel$gPommern $x05 $9391356712 244Z/01 $2Trx $#mõisahärrad $#žemės valdymo sistema $#gentry rule $#földesuralom $#gospodarka folwarczno-pańszczyźniana $#statkárstvo $#vrchnostenský systém $#Gutswirtschaft $#Fronwirtschaft $#system właścicieli ziemskich $#veľkostatky $#robotné hospodárstvo $#hospodářství vrchnostenské a velkostatky $8--Trx--Gutsherrschaft $x06 $9391367781 244Z/01 $2Trx $#põllumajandus $#žemės ūkis $#agriculture $#mezögazdaság $#rolnictwo $#poľnohospodárstvo $#zemědělství $8--Trx--Landwirtschaft $x07 $9391356275 244Z/01 $2Trx $8--Trx--Einzelbeiträge $x08 $9391384570 245Z/01 $a12.03 $x01 247C/01 $82080>Marburg/Lahn, Herder-Institut, Forschungsbibliothek, Bibliographieportal $9336309341
| LEADER | 00000caa a22000002c 4500 | ||
|---|---|---|---|
| 001 | 391444999 | ||
| 003 | DE-603 | ||
| 005 | 20210515205355.0 | ||
| 007 | tu | ||
| 008 | 161111s1996 xx |||| | u00||u|ger c | ||
| 035 | |a (DE-599)HEB391444999 | ||
| 040 | |a DE-603 |b ger |c DE-603 |d DE-603 | ||
| 041 | |a ger | ||
| 082 | 0 | 4 | |8 1\u |a 929.0943816 |q DE-101 |2 23/BSB |
| 085 | |8 1\u |b 929 | ||
| 085 | |8 1\u |z 2 |s 43816 | ||
| 100 | 1 | |a Stępiński, Włodzimierz | |
| 245 | 0 | 0 | |a Ludolph von Beckedorff-Grünhof in Pommern 1827-1842 |b Ein Verfechter der landwirtschaftlichen Interessenvertretung und des Fortschritts in der gutsherrlichen Landwirtschaft |
| 264 | 0 | |c 1996 | |
| 773 | 0 | 8 | |i In |t Pommern |d Greifswald : Steinbecker Verl. Rose, 1996 |h 468 S., Ill., Kt. |z 3931483088 |g (1996), Seite 319-339 |w (DE-603)050939963 |
| 924 | 0 | |9 2080 |a (DE-603)787539031 |b DE-2080 |c HES |d d |g / | |


